| 000 | 00478nam a2200157Ia 4500 | ||
|---|---|---|---|
| 999 |
_c6472 _d6472 |
||
| 003 | OSt | ||
| 005 | 20200118111535.0 | ||
| 008 | 190216s9999||||xx |||||||||||||| ||und|| | ||
| 040 | _coclc | ||
| 082 |
_a658.5 _bNAI/P |
||
| 100 |
_aNair, R K _91284 |
||
| 245 | 0 |
_aProduction And Operations Management / _cR K Nair ; A K Banarjee ; V K Agarwal |
|
| 260 |
_bPragati Prakashan, _c2003. _aMeerut: |
||
| 300 | _a369p | ||
| 942 |
_cBK _2ddc _h658.5 _iNAI/P _k658.5 _mNAI/P |
||